| 000 | 00994nam a22003137a 4500 | ||
|---|---|---|---|
| 003 | CHAP | ||
| 005 | 20220329141330.0 | ||
| 008 | 971013s1987 r 00010 d | ||
| 010 | _a66531 | ||
| 011 | _a67503 | ||
| 035 | _a76973 | ||
| 040 | _cCHAP | ||
| 082 |
_a150 _bB8Y |
||
| 100 | 0 | 0 |
_aBuss, Arnold H. _916352 |
| 245 | _aPsicología general | ||
| 260 |
_aMéxico, D. F. : _bLimusa, _c1987 |
||
| 300 |
_a3 v. _b: ilus. |
||
| 500 | _a28-146 | ||
| 590 |
_aBATCH-UPD _b10 _c20130110 _lUCH01 _h0434 |
||
| 590 |
_aBATCH-UPD _b10 _c20130410 _lUCH01 _h0109 |
||
| 590 |
_aBATCH-UPD _b10 _c20130914 _lUCH01 _h0758 |
||
| 590 |
_aCONVERSION _b10 _c20130109 _lUCH01 _h1337 |
||
| 650 | 1 | 4 |
_aPsicología. _992597 |
| 901 | _aBK | ||
| 942 | _cLIBRO | ||
| 949 |
_a150 B8Y _bBC _cLIBRO _d33724000601639 _eLIBRO _fv.1 _gI.145821 _h75293 _i76973 _si _t250.00 |
||
| 949 |
_a150 B8Y _bBC _cLIBRO _d33724000937645 _eLIBRO _fv.2 _h75294 _i76973 _si _t250.00 |
||
| 949 |
_a150 B8Y _bBC _cMUT _d-94991 _eMUT _fv.3 _h75295 _i76973 _si _t250.00 |
||
| 999 |
_c66531 _d66531 |
||